Física general: con experimentos sencillos

Shranjeno v:
Bibliografske podrobnosti
Main Authors: Luz, Antonio Máximo Ribeiro da (autor), Alvares, Beatríz Alvarenga (Author)
Format: Knjiga
Jezik:španščina
Izdano: Ciudad de México Oxford University Press 1998
Izdaja:4a. ed
Teme:
Oznake: Označite
Brez oznak, prvi označite!

MARC

LEADER 00000nam a2200000 a 4500
001 UCP3895
003 CL-VaPUC
008 990709e19980000MX |||||||||||||||||spa|d
020 |a 9706131477 
082 0 4 |a 530  |b LUZ  |2 21 
100 |a Luz, Antonio Máximo Ribeiro da  |e autor  |9 431269 
700 0 |a Alvares, Beatríz Alvarenga  |e author  |9 431270 
245 1 0 |a Física general: con experimentos sencillos 
250 |a 4a. ed 
300 |a 1220 p 
942 |c BK 
945 |d 19990709 00:00:00  |a rbrito 
260 |a Ciudad de México  |b Oxford University Press  |c 1998 
650 0 |a Cinemática  |9 260942 
650 0 |a Física   |9 227844 
650 0 |a Vectores  |9 317184 
650 7 |a LEYES DE NEWTON  |2 CL-VaPUC  |9 354936 
650 0 |a Hidrostática  |9 260944 
650 7 |a TEMPERATURA  |2 CL-VaPUC  |9 431271 
650 7 |a DILATACION  |2 CL-VaPUC  |9 431272 
650 0 |a Calor  |9 260253 
650 0 |a Optica   |9 263171 
650 7 |a ELECTROSTATICA  |2 CL-VaPUC  |9 431273 
650 0 |a Electromagnetismo   |9 260123 
650 0 |a Inducción  |9 324566 
583 |a last modification  |c 19990709 00:00:00  |k Rodrigo Vera 
999 |c 282027  |d 282025 
952 |0 0  |1 0  |4 0  |6 530_000000000000000_LUZ_1998  |7 0  |8 A  |9 323278  |a BIBCUR  |b BIBCUR  |d 2019-11-20  |i 3536947  |l 2  |o 530 LUZ 1998  |p 3536947  |r 2025-04-22  |s 2024-03-27  |w 2019-11-20  |y BK  |k BCB 
952 |0 0  |1 0  |4 0  |6 530_000000000000000_LUZ_1998  |7 0  |8 A  |9 323279  |a BIBCUR  |b BIBCUR  |d 2019-11-20  |i 3536955  |l 4  |m 1  |o 530 LUZ 1998  |p 3536955  |r 2025-04-22  |s 2022-11-14  |w 2019-11-20  |y BK  |k BCB 
952 |0 0  |1 0  |4 0  |6 530_000000000000000_LUZ_1998  |7 0  |8 A  |9 323280  |a BIBCUR  |b BIBCUR  |d 2019-11-20  |i 3536963  |o 530 LUZ 1998  |p 3536963  |r 2025-04-22  |w 2019-11-20  |y BK  |k BCB 
952 |0 0  |1 0  |4 0  |6 530_000000000000000_LUZ_1998  |7 0  |8 A  |9 323281  |a BIBCUR  |b BIBCUR  |d 2019-11-20  |i 3536971  |l 2  |m 3  |o 530 LUZ 1998  |p 3536971  |r 2025-04-22  |s 2023-09-11  |w 2019-11-20  |y BK  |k BCB 
952 |0 0  |1 0  |4 0  |6 530_000000000000000_LUZ_1998  |7 0  |8 A  |9 323282  |a BIBCUR  |b BIBCUR  |d 2019-11-20  |i 353698K  |l 2  |m 2  |o 530 LUZ 1998  |p 353698K  |r 2025-04-22  |s 2023-09-07  |w 2019-11-20  |y BK  |k BCB 
952 |0 0  |1 0  |4 0  |6 530_000000000000000_LUZ_1998  |7 0  |8 A  |9 323283  |a BIBCUR  |b BIBCUR  |d 2019-11-20  |i 3912337  |o 530 LUZ 1998  |p 3912337  |r 2025-04-22  |w 2019-11-20  |y BK  |k FIS 
952 |0 0  |1 0  |4 0  |6 530_000000000000000_LUZ_1998  |7 0  |8 A  |9 323284  |a BIBCUR  |b BIBCUR  |d 2019-11-20  |i 4194314  |o 530 LUZ 1998  |p 4194314  |r 2025-04-22  |w 2019-11-20  |y BK  |k FIS 
952 |0 0  |1 0  |2 ddc  |4 0  |6 530_000000000000000_LUZ_1998  |7 0  |8 P  |9 323290  |a BIBARQ  |b BIBARQ  |d 2019-11-20  |i 4786769  |l 19  |m 1  |o 530 LUZ 1998  |p 4786769  |r 2025-01-20  |s 2023-10-10  |w 2019-11-20  |y BK  |k ARQ 
952 |0 0  |1 0  |4 0  |6 530_000000000000000_LUZ_1998  |7 0  |8 A  |9 323291  |a BIBARQ  |b BIBARQ  |d 2019-11-20  |i 4786777  |o 530 LUZ 1998  |p 4786777  |r 2019-11-20  |w 2019-11-20  |y BK  |k ARQ